Vật lí 9
Sách gồm nội dung về điện học, điện từ học, quang học, sự bảo toàn và chuyển hoá năng lượng trong vật lí. Ngoài ra sách còn có thêm bảng kí hiệu sơ đồ dùng trong mạch điện nhằm giúp các em nâng cao kiến thức vật lí và có thể ứng dụng...
Đã lưu trong:
| Príomhúdar: | |
|---|---|
| Formáid: | Leabhar |
| Teanga: | Undetermined |
| Foilsithe: |
Hà Nội
Giáo dục Việt Nam
2016
|
| Ábhair: | |
| Clibeanna: |
Cuir Clib Leis
Gan Chlibeanna, Bí ar an gcéad duine leis an taifead seo a chlibeáil!
|
| Thư viện lưu trữ: | Trung tâm Học liệu Trường Đại học Cần Thơ |
|---|
| LEADER | 01021nam a2200217Ia 4500 | ||
|---|---|---|---|
| 001 | CTU_216562 | ||
| 008 | 210402s9999 xx 000 0 und d | ||
| 020 | |c 9900 | ||
| 082 | |a 530.0712 | ||
| 082 | |b Qu106 | ||
| 100 | |a Vũ, Quang | ||
| 245 | 0 | |a Vật lí 9 | |
| 245 | 0 | |c Vũ Quang (Tổng chủ biên) | |
| 260 | |a Hà Nội | ||
| 260 | |b Giáo dục Việt Nam | ||
| 260 | |c 2016 | ||
| 520 | |a Sách gồm nội dung về điện học, điện từ học, quang học, sự bảo toàn và chuyển hoá năng lượng trong vật lí. Ngoài ra sách còn có thêm bảng kí hiệu sơ đồ dùng trong mạch điện nhằm giúp các em nâng cao kiến thức vật lí và có thể ứng dụng vào cuộc sống thực tiễn. | ||
| 650 | |a Physics,Vật lí | ||
| 650 | |x Study and teaching (Secondary),Dạy và học (Trung học) | ||
| 904 | |i Hải | ||
| 980 | |a Trung tâm Học liệu Trường Đại học Cần Thơ | ||